La ley del desarrollo desigual y combinado / (Registro nro. 7399)
[ vista simple ]
| 000 -LEADER | |
|---|---|
| fixed length control field | 02049nam a22002537a 4500 |
| 003 - CONTROL NUMBER IDENTIFIER | |
| control field | OSt |
| 005 - DATE AND TIME OF LATEST TRANSACTION | |
| control field | 20210302085906.0 |
| 008 - FIXED-LENGTH DATA ELEMENTS--GENERAL INFORMATION | |
| fixed length control field | 210302s1977 ck ||||gr|||| 00| 0 spa d |
| 040 ## - CATALOGING SOURCE | |
| Original cataloging agency | CO-JMCR |
| Transcribing agency | CO-JMCR |
| 041 0# - LANGUAGE CODE | |
| Language code of text/sound track or separate title | spa |
| 082 04 - DEWEY DECIMAL CLASSIFICATION NUMBER | |
| Classification number | 335.433 / |
| Item number | N935l |
| Edition number | 23 |
| 100 1# - MAIN ENTRY--PERSONAL NAME | |
| Personal name | Novack, George, |
| Relator term | autor |
| 9 (RLIN) | 14205 |
| 245 13 - TITLE STATEMENT | |
| Title | La ley del desarrollo desigual y combinado / |
| Statement of responsibility, etc. | George Novack, León Trotsky, Nahuel Moreno |
| 260 ## - PUBLICATION, DISTRIBUTION, ETC. | |
| Place of publication, distribution, etc. | Bogotá : |
| Name of publisher, distributor, etc. | Editorial Pluma, |
| Date of publication, distribution, etc. | 1977 |
| 300 ## - PHYSICAL DESCRIPTION | |
| Extent | 122 páginas ; |
| Dimensions | 17 cm. |
| 505 0# - FORMATTED CONTENTS NOTE | |
| Formatted contents note | La ley del desarrollo desigual y combinado en la sociedad por George Novack -- El curso desigual de la historia -- El desarrollo combinado y sus consecuencias -- Particularidades en el desarrollo de Rusia por León Trotsky -- La ley del desarrollo desigual y combinado por Nahuel Moreno |
| 520 3# - SUMMARY, ETC. | |
| Summary, etc. | Por primera vez Editorial Pluma reúne en un solo libro una visión sistematizada de la ley del desarrollo desigual y combinado que, para Nahuel Moreno, es "la más importante descubierta por el marxismo y la ciencia moderna, como teoría que unifica las leyes genéticas y estructurales". Publicamos en primer lugar el trabajo de George Novack por su carácter general y sistematizado. Luego, en el capítulo particularidades del desarrollo de Rusia, encontramos la formulación que se descubridor, León Trotsky, dio a la ley al aplicarla a su estudio de las características y dinámica histórica de Rusia antes de la Revolución de 1917. Por último, el capítulo de Nahuel Moreno, partiendo de la crítica al enfoque estructuralista al marxismo de Althusser y Godelier, investiga los antecedentes de esta teoría en Marx y la explicitación de Trotsky, completándolo con los puntos de vista de Piaget sobre el surgimiento de lo nuevo. |
| 650 14 - SUBJECT ADDED ENTRY--TOPICAL TERM | |
| Topical term or geographic name entry element | Materialismo dialéctico |
| 9 (RLIN) | 1915 |
| 650 24 - SUBJECT ADDED ENTRY--TOPICAL TERM | |
| Topical term or geographic name entry element | Desarrollo económico |
| General subdivision | crítica e interpretación |
| 9 (RLIN) | 14206 |
| 650 24 - SUBJECT ADDED ENTRY--TOPICAL TERM | |
| Topical term or geographic name entry element | Capitalismo |
| General subdivision | crítica e interpretación |
| 9 (RLIN) | 14207 |
| 700 1# - ADDED ENTRY--PERSONAL NAME | |
| Personal name | Trotsky, León, |
| Relator term | autor |
| 9 (RLIN) | 14208 |
| 700 1# - ADDED ENTRY--PERSONAL NAME | |
| Personal name | Moreno, Nahuel, |
| Relator term | autor |
| 9 (RLIN) | 14209 |
| 942 ## - ADDED ENTRY ELEMENTS (KOHA) | |
| Source of classification or shelving scheme | Dewey Decimal Classification |
| Koha item type | Books |
| Withdrawn status | Lost status | Source of classification or shelving scheme | Damaged status | Not for loan | Collection code | Home library | Current library | Date acquired | Source of acquisition | Total Checkouts | Full call number | Barcode | Date last seen | Copy number | Price effective from | Koha item type |
|---|---|---|---|---|---|---|---|---|---|---|---|---|---|---|---|---|
| Dewey Decimal Classification | Non-fiction | Biblioteca Pública José María del Castillo y Rada | Biblioteca Pública José María del Castillo y Rada | 02/25/2021 | Donación | 335.433 / N935l | 201810623 | 05/16/2024 | Ej.1 | 03/02/2021 | Books | |||||
| Dewey Decimal Classification | Non-fiction | Biblioteca Pública José María del Castillo y Rada | Biblioteca Pública José María del Castillo y Rada | 02/25/2021 | Donación | 335.433 / N935l | 430003771 | 05/16/2024 | Ej.2 | 05/20/2021 | Books |